University Home | Library Home | Institutional Repository

Santana fossils : (Record no. 77051)

MARC details
000 -LEADER
fixed length control field 00423cam5a220016900 4500
001 - CONTROL NUMBER
control field tmp15848272
003 - CONTROL NUMBER IDENTIFIER
control field UPRA
005 - DATE AND TIME OF LATEST TRANSACTION
control field 20190815134038.0
008 - FIXED-LENGTH DATA ELEMENTS--GENERAL INFORMATION
fixed length control field 951107s1991 xx eng u
035 ## - SYSTEM CONTROL NUMBER
System control number (Sirsi) r36311
035 ## - SYSTEM CONTROL NUMBER
System control number (UPRA)tmp15848272
040 ## - CATALOGING SOURCE
Transcribing agency UPRA
245 00 - TITLE STATEMENT
Title Santana fossils :
Remainder of title an illustrated atlas.
260 ## - PUBLICATION, DISTRIBUTION, ETC.
Date of publication, distribution, etc. 1991.
949 ## - LOCAL PROCESSING INFORMATION (OCLC)
a QL46
w lcc
i -42960
m MAIN
p 5000
t BOOK
l ON-SHELF

No items available.

© 2026 - The University of Zambia Library - Koha v25.11